000 00780 a2200205 4500
001 61456
005 20260407155905.0
008 260407a1990 arg spa d
003 AR-UNSa-BCEJYS
040 _aAR-UNSa-BCEJYS
_bspa
_cAR-UNSa-BCEJYS
080 _a343.359
_xDelitos contra el fisco y otras autoridades administrativas (Derecho Penal Tributario, Delitos fiscales)
245 1 0 _aDelitos cambiarios y responsabilidad penal de las personas jurídicas
_pEn la ley penal cambiaria, en el Código Aduanero, Procedimiento ante el B.C.R.A.
020 _a978-950-14-0264-3
264 1 _aBuenos Aires :
_bEdiciones Depalma
_c1990
300 _aviii, 97 p.
_c20 cm.
041 _aspa
942 _cBK
590 _aniveau_biblio:m niveau_hierar:0
100 1 _aMoncayo, Néstor J.
999 _c7320
_d7320